Art and Letters : an Illustrated Review /

Guardat en:
Dades bibliogràfiques
Altres autors: Masson, Frédéric (edición) (edición)
Format: Llibre
Idioma:anglès
Matèries:
Etiquetes: Afegir etiqueta
Sense etiquetes, Sigues el primer a etiquetar aquest registre!

MARC

LEADER 00000nam^a2200000^a^4500
001 000187977
005 20250526000000.0
009 20260310102321.222
037 |a Acervo ITESO - Biblioteca 
041 |a ING 
082 |a 805.  |b AAL 1888 V. 2 
240 1 1 |a [Art and Letters] 
245 0 0 |a Art and Letters :  |b an Illustrated Review /  |c Ed. de F. Masson. 
264 |a Nueva York, EUA :  |b Charles Scribner's Sons,  |c 1888, c1888 
300 |a 138-256 p. ;  |c 33.0 cm. 
336 |a texto  |b txt  |2 rdacontenido 
337 |a sin mediación  |b n  |2 rdamedio 
338 |a volumen  |b nc  |2 rdasoporte 
649 |a XX 
650 |a Literatura -  |x Publicaciones Periódicas Norteamericanas 
650 |a Novela Norteamericana 
650 |a Crónicas Norteamericanas 
650 |a Literatura Norteamericana -  |y Siglo XIX 
650 |a Publicaciones Periódicas Norteamericanas 
700 |a Masson, Frédéric  |e (edición) 
910 |a Fondo Julio de la Peña Lomelín 
920 |a Impresos - Libros 
930 |a Libros Antiguos y Raros 
940 |a Literatura 
940 |a Arquitectos Jaliscienses 
905 |a 108 
901 |a 0500130600  |b IT2  |c LRA  |u 20250526 
902 |a https://opac.biblio.iteso.mx/vufind/Record/000187977